00953nam a2200265 i 4500001000300000003000400003005001700007008003900024015001500063040001400078041001800092080001100110080001600121100004800137245010800185260005200293300004700345502005500392504001400447546003000461650002700491650002500518710004600543856009800589bgBPK20220627114809.0010113s1976 pl a f m |000 0 pol aPB 1977/14 aWA NcBPK0 apolbengbrus a338.26 a330.101.5411 aBocian, Andrzej Franciszekd(1939- )eAutor10aRachunek makroekonomiczny przy zastosowaniu wielookresowego modelu optymalizacyjnego /cAndrzej Bocian. aWarszawa :bPańst. Wydaw. Ekonomiczne,c1976. a178, [2] s., [1] k. tabl. :bil. ;c21 cm. aRozprawa doktorska. Instytut Planowania, Warszawa. aBibliogr. aSpis treści ang. i ros. 4aPlanowanie gospodarcze 4aRachunek ekonomiczny2 aPaństwowe Wydawnictwo Ekonomiczne4pbl. uhttp://koha.tu.koszalin.pl/cgi-bin/koha/opac-detail.pl?biblionumber=17136yKatalog online BPK